[Event "Madrid Vicalvaro op"]
[Site "Madrid"]
[Date "2022.05.22"]
[Round "3"]
[White "Kohn Garcia, Alejandro"]
[Black "Alvarez Escudero, Manuel"]
[Result "1/2-1/2"]
[WhiteElo "1279"]
[BlackElo "1631"]
[PlyCount "51"]
[EventDate "2022.05.08"]
[EventType "swiss"]
[EventRounds "7"]
[EventCountry "ESP"]
[SourceTitle "EXT 2024"]
[Source "ChessBase"]
[SourceDate "2023.10.10"]
[SourceVersion "1"]
[SourceVersionDate "2023.10.10"]
[SourceQuality "1"]

1. e4 e5 2. Nf3 Nc6 3. Bc4 Be7 4. d3 Nf6 5. c3 0-0 6. Nbd2 d5 7. exd5 Nxd5 8. Ne4 Bg4 9. h3 Bh5 10. Ng3 Bg6 11. 0-0 Nb6 12. Re1 Nxc4 13. dxc4 Qxd1 14. Rxd1 f6 15. Rd7 Bd6 16. c5 Be8 17. Rxd6 cxd6 18. cxd6 Rd8 19. Nf5 Kf7 20. b3 g6 21. Ng3 Ke6 22. Ba3 Rf7 23. Ne4 b6 24. Rd1 h6 25. c4 f5 26. Nc3 1/2-1/2

[Event "Madrid Vicalvaro op"]
[Site "Madrid"]
[Date "2022.05.14"]
[Round "2"]
[White "Alvarez Escudero, Manuel"]
[Black "Elissalt Cardenas, Hector"]
[Result "0-1"]
[WhiteElo "1631"]
[BlackElo "2285"]
[PlyCount "50"]
[EventDate "2022.05.08"]
[EventType "swiss"]
[EventRounds "7"]
[EventCountry "ESP"]
[SourceTitle "EXT 2024"]
[Source "ChessBase"]
[SourceDate "2023.10.10"]
[SourceVersion "1"]
[SourceVersionDate "2023.10.10"]
[SourceQuality "1"]

1. e4 d6 2. d4 Nf6 3. Bd3 e5 4. dxe5 dxe5 5. f4 Bc5 6. Nf3 Nc6 7. Nc3 0-0 8. Na4 Bd6 9. fxe5 Nxe5 10. 0-0 Nfg4 11. h3 Nxf3+ 12. Qxf3 Nh2 13. Qe2 Nxf1 14. Kxf1 Bd7 15. Nc3 Qf6+ 16. Qf2 Qxf2+ 17. Kxf2 f5 18. Ke2 Rae8 19. Be3 a6 20. Rf1 Bc6 21. exf5 Bxg2 22. Rf2 Rxe3+ 23. Kxe3 Bc5+ 24. Ke2 Re8+ 25. Ne4 Bxf2 0-1

[Event "Madrid Chamartin op 8th"]
[Site "Madrid"]
[Date "2019.09.15"]
[Round "9"]
[White "Levitan, Caleb Levi"]
[Black "Alvarez Escudero, Manuel"]
[Result "1-0"]
[WhiteElo "1412"]
[BlackElo "1662"]
[PlyCount "101"]
[EventDate "2019.09.09"]
[EventType "swiss"]
[EventRounds "9"]
[EventCountry "ESP"]
[SourceTitle "CBM 192 Extra"]
[Source "Chessbase"]
[SourceDate "2019.11.06"]
[SourceVersion "1"]
[SourceVersionDate "2019.11.06"]
[SourceQuality "1"]

1. e4 e5 2. Nf3 d6 3. d4 exd4 4. Nxd4 Nf6 5. Nc3 Be7 6. Bc4 0-0 7. 0-0 a6 8. a4 Nbd7 9. Qe2 Ne5 10. Bb3 c5 11. Nf5 Bxf5 12. exf5 Qc8 13. f4 Nc6 14. Nd5 Re8 15. Nb6 Nd4 16. Qe4 Qxf5 17. Qxf5 Nxf5 18. Nxa8 Rxa8 19. Bd2 Ne4 20. Bc3 Re8 21. Rae1 Nxc3 22. bxc3 Kf8 23. Bd5 b5 24. Be4 Nh6 25. axb5 axb5 26. Bc6 Rb8 27. Ra1 Nf5 28. Rfe1 Bf6 29. Ra3 b4 30. cxb4 cxb4 31. Ra8 Bd4+ 32. Kh1 Rxa8 33. Bxa8 Ne3 34. Bc6 f6 35. Ba4 Kf7 36. h3 Kg6 37. Kh2 Kf5 38. Kg3 Ke4 39. Bb5 Bc5 40. Re2 d5 41. Re1 d4 42. Bc4 h6 43. Bd3+ Kd5 44. Ra1 g5 45. f5 h5 46. Ra8 Bd6+ 47. Kf2 h4 48. Kf3 Nd1 49. Rc8 Nb2 50. Be4+ Ke5 51. Re8+ 1-0

[Event "Madrid-ch Seniors 50"]
[Site "Madrid"]
[Date "2017.01.13"]
[Round "5"]
[White "Martinez Miura, Enrique"]
[Black "Alvarez Escudero, Manuel"]
[Result "1/2-1/2"]
[WhiteElo "1640"]
[BlackElo "1782"]
[PlyCount "20"]
[EventDate "2017.01.09"]
[EventType "swiss"]
[EventRounds "9"]
[EventCountry "ESP"]
[SourceTitle "CBM 176 Extra"]
[Source "ChessBase"]
[SourceDate "2017.03.02"]
[SourceVersion "1"]
[SourceVersionDate "2017.03.02"]
[SourceQuality "1"]

1. e4 e5 2. Nf3 Nc6 3. Bb5 d6 4. d4 exd4 5. Nxd4 Bd7 6. Nxc6 Bxc6 7. Bxc6+ bxc6 8. 0-0 Be7 9. Nc3 Nf6 10. Re1 0-0 1/2-1/2

[Event "Madrid-ch Seniors"]
[Site "Madrid"]
[Date "2016.01.27"]
[Round "5"]
[White "Alvarez Escudero, Manuel"]
[Black "Gonzalez Rivera, Eduardo"]
[Result "0-1"]
[WhiteElo "1820"]
[BlackElo "2059"]
[PlyCount "124"]
[EventDate "2016.01.22"]
[EventType "swiss"]
[EventRounds "7"]
[EventCountry "ESP"]
[SourceTitle "EXT 2017"]
[Source "ChessBase"]
[SourceDate "2016.10.25"]
[SourceVersion "1"]
[SourceVersionDate "2016.10.25"]
[SourceQuality "1"]

1. e4 e5 2. Nf3 Nc6 3. Bb5 a6 4. Ba4 Nf6 5. d3 b5 6. Bb3 Be7 7. Nc3 0-0 8. Nd5 d6 9. Nxe7+ Nxe7 10. h3 Ng6 11. 0-0 c5 12. a4 Rb8 13. axb5 axb5 14. Bg5 h6 15. Be3 Qe7 16. Qd2 Kh7 17. Qa5 Nh5 18. Bd5 Nhf4 19. Bxf4 Nxf4 20. Qa7 Nxd5 21. Qxb8 Nf4 22. Ra7 Qf6 23. Qc7 Bxh3 24. Qe7 Qxe7 25. Rxe7 Bxg2 26. Nh4 Bxf1 27. Kxf1 Ng6 28. Nxg6 fxg6 29. b4 cxb4 30. Rb7 Rc8 31. Rxb5 Rxc2 32. Rxb4 Rc6 33. d4 exd4 34. Rxd4 g5 35. Rd5 Kg6 36. e5 dxe5 37. Rxe5 h5 38. Kg2 Rc3 39. Re6+ Kf5 40. Re8 g4 41. Rh8 Kg5 42. Rf8 Rc2 43. Rf7 g6 44. Rf8 h4 45. Kg1 Rc3 46. Kg2 g3 47. fxg3 Rxg3+ 48. Kh2 Re3 49. Rf2 Kg4 50. Ra2 g5 51. Ra4+ Kf5 52. Ra5+ Kf4 53. Ra4+ Re4 54. Ra8 Re2+ 55. Kg1 Kf3 56. Ra5 g4 57. Ra3+ Re3 58. Ra1 Kg3 59. Kh1 Kf2 60. Ra2+ Re2 61. Ra1 Re1+ 62. Kh2 g3+ 0-1

[Event "Madrid-ch Seniors"]
[Site "Madrid"]
[Date "2016.01.25"]
[Round "3"]
[White "Alvarez Escudero, Manuel"]
[Black "Lopez Heras, Arturo"]
[Result "0-1"]
[WhiteElo "1820"]
[BlackElo "1809"]
[PlyCount "38"]
[EventDate "2016.01.22"]
[EventType "swiss"]
[EventRounds "7"]
[EventCountry "ESP"]
[SourceTitle "EXT 2017"]
[Source "ChessBase"]
[SourceDate "2016.10.25"]
[SourceVersion "1"]
[SourceVersionDate "2016.10.25"]
[SourceQuality "1"]

1. e4 e5 2. Nf3 Nc6 3. Bb5 f5 4. Bxc6 dxc6 5. Nxe5 Qh4 6. 0-0 fxe4 7. f4 Bc5+ 8. Kh1 Nf6 9. d3 0-0 10. Nc3 exd3 11. Qxd3 Be6 12. Be3 Rad8 13. Qe2 Bxe3 14. Qxe3 Ng4 15. Nxg4 Bxg4 16. Rac1 Bh5 17. g3 Qh3 18. Nd1 Rfe8 19. Nf2 Qxf1+ 0-1

[Event "Madrid-ch Seniors"]
[Site "Madrid"]
[Date "2016.01.12"]
[Round "2"]
[White "Alvarez Escudero, Manuel"]
[Black "Sotoca Aguado, Jose"]
[Result "1/2-1/2"]
[WhiteElo "1820"]
[BlackElo "1952"]
[PlyCount "116"]
[EventDate "2016.01.11"]
[EventType "swiss"]
[EventRounds "9"]
[EventCountry "ESP"]
[SourceTitle "CBM 170 Extra"]
[Source "ChessBase"]
[SourceDate "2016.02.25"]
[SourceVersion "1"]
[SourceVersionDate "2016.02.25"]
[SourceQuality "1"]

1. e4 c5 2. Nf3 d6 3. b3 Nc6 4. Bb2 Nf6 5. e5 dxe5 6. Nxe5 Nxe5 7. Bxe5 e6 8. Bb5+ Bd7 9. Qe2 Be7 10. Nc3 a6 11. Bxd7+ Qxd7 12. Ne4 Nxe4 13. Qxe4 0-0 14. Bc3 Rad8 15. 0-0 b5 16. d3 Qd5 17. Rfe1 Qxe4 18. Rxe4 Rd5 19. Rae1 b4 20. Bb2 a5 21. a4 Rfd8 22. f4 Bf6 23. Bxf6 gxf6 24. g4 Kg7 25. Rc4 h5 26. h3 Kg6 27. Kg2 R8d6 28. Kg3 hxg4 29. hxg4 Rd8 30. Rh1 e5 31. f5+ Kg7 32. Kf3 R8d7 33. Rh5 Rc7 34. Rh2 Rd4 35. Re2 Kf8 36. Re4 Ke7 37. g5 Rxc4 38. gxf6+ Kxf6 39. Rxc4 Kxf5 40. Rh4 Ke6 41. Rh8 f5 42. Ra8 Kd5 43. Rxa5 Rh7 44. Ra8 e4+ 45. Kf4 exd3 46. Rd8+ Kc6 47. Rxd3 Rh2 48. c3 Rf2+ 49. Ke5 f4 50. cxb4 cxb4 51. Rd4 f3 52. Ke4 Rc2 53. Kxf3 Rc3+ 54. Ke4 Rxb3 55. Rd3 Rb1 56. Kd4 Kb6 57. Kc4 Ka5 58. Rd8 Kb6 1/2-1/2

[Event "Madrid-ch"]
[Site "Madrid"]
[Date "2012.11.14"]
[Round "7"]
[White "Alvarez Escudero, Manuel"]
[Black "Martinez Miura, Enrique"]
[Result "0-1"]
[WhiteElo "1803"]
[BlackElo "1735"]
[PlyCount "58"]
[EventDate "2012.11.05"]
[EventType "swiss"]
[EventRounds "9"]
[EventCountry "ESP"]
[SourceTitle "CBM 151 Extra"]
[Source "ChessBase"]
[SourceDate "2012.12.18"]
[SourceVersion "1"]
[SourceVersionDate "2012.12.18"]
[SourceQuality "1"]

1. e4 e6 2. d4 d5 3. exd5 exd5 4. h3 Bd6 5. Nf3 Ne7 6. Bd3 Bf5 7. 0-0 Bxd3 8. Qxd3 0-0 9. Bg5 Qd7 10. Ne5 Bxe5 11. dxe5 h6 12. Bxe7 Qxe7 13. Qxd5 c6 14. Qd4 Rd8 15. Qe3 Rd5 16. Re1 Nd7 17. f4 Nf8 18. Nc3 Rd7 19. Rad1 Rad8 20. Rxd7 Rxd7 21. Ne4 b6 22. Nd6 Ne6 23. b4 c5 24. Nf5 Qf8 25. a3 cxb4 26. axb4 Qxb4 27. g3 Rc7 28. Rc1 Rc3 29. Qd2 Rxg3+ 0-1

[Event "Madrid-ch"]
[Site "Madrid"]
[Date "2012.11.05"]
[Round "1"]
[White "Alvarez Escudero, Manuel"]
[Black "Jaumandreu Llopis, Antonio"]
[Result "1-0"]
[WhiteElo "1803"]
[BlackElo "1553"]
[PlyCount "77"]
[EventDate "2012.11.05"]
[EventType "swiss"]
[EventRounds "9"]
[EventCountry "ESP"]
[SourceTitle "CBM 151 Extra"]
[Source "ChessBase"]
[SourceDate "2012.12.18"]
[SourceVersion "1"]
[SourceVersionDate "2012.12.18"]
[SourceQuality "1"]

1. e4 e5 2. Nf3 Nc6 3. Bc4 Nf6 4. Ng5 d5 5. exd5 Nxd5 6. d4 Be6 7. Nxe6 fxe6 8. dxe5 Qh4 9. Bxd5 exd5 10. Qxd5 Rd8 11. Qe6+ Be7 12. 0-0 Rf8 13. g3 Nd4 14. gxh4 Nxe6 15. Nc3 a6 16. f4 Bxh4 17. Be3 Nd4 18. Rac1 Nf5 19. Bf2 Rd2 20. Ne4 Bxf2+ 21. Rxf2 Rxf2 22. Kxf2 Nd4 23. Ke3 Nf5+ 24. Kd3 Ke7 25. Ng3 Ke6 26. Ke4 g6 27. Rd1 h5 28. Ne2 Rf7 29. c3 Rd7 30. Nd4+ Ke7 31. Rg1 Nh4 32. Rg3 c5 33. Nf3 Nxf3 34. Kxf3 Rd3+ 35. Ke2 Rxg3 36. hxg3 b5 37. Ke3 Ke6 38. Ke4 a5 39. a3 1-0

[Event "Madrid Oliver Gonzalez Memorial-B 3rd"]
[Site "Madrid"]
[Date "2012.09.07"]
[Round "7"]
[White "Alvarez Escudero, Manuel"]
[Black "Melcon Diez, Enrique"]
[Result "1-0"]
[WhiteElo "1826"]
[BlackElo "1635"]
[PlyCount "73"]
[EventDate "2012.09.01"]
[EventType "swiss"]
[EventRounds "9"]
[EventCountry "ESP"]
[SourceTitle "CBM 150 Extra"]
[Source "ChessBase"]
[SourceDate "2012.10.19"]
[SourceVersion "1"]
[SourceVersionDate "2012.10.19"]
[SourceQuality "1"]

1. e4 c5 2. Nf3 g6 3. c3 Nf6 4. d3 Bg7 5. Be3 d5 6. e5 Nfd7 7. d4 Nc6 8. Bd3 0-0 9. Nbd2 Qb6 10. b3 e6 11. 0-0 f6 12. dxc5 Qc7 13. exf6 Bxf6 14. Qc2 e5 15. Bxg6 e4 16. Bf5 Nde5 17. Nd4 Bxf5 18. Nxf5 Ng4 19. Nh6+ Nxh6 20. Bxh6 Rf7 21. Rad1 Ne5 22. Bf4 Qxc5 23. Be3 Qc6 24. c4 Nd3 25. f3 a6 26. fxe4 dxe4 27. Nxe4 Nb4 28. Nxf6+ Rxf6 29. Qd2 Rxf1+ 30. Rxf1 Qe4 31. Bh6 Nc6 32. Qg5+ Qg6 33. Qd5+ Kh8 34. Bg5 h6 35. Bf6+ Kh7 36. Qd7+ Kg8 37. Qxb7 1-0

[Event "Collado Villalba op-B 29th"]
[Site "Collado Villalba"]
[Date "2012.08.26"]
[Round "3"]
[White "Tirado Parra, Alberto"]
[Black "Alvarez Escudero, Manuel"]
[Result "1-0"]
[WhiteElo "1929"]
[BlackElo "1826"]
[PlyCount "71"]
[EventDate "2012.08.24"]
[EventType "swiss"]
[EventRounds "9"]
[EventCountry "ESP"]
[SourceTitle "CBM 150 Extra"]
[Source "ChessBase"]
[SourceDate "2012.10.19"]
[SourceVersion "1"]
[SourceVersionDate "2012.10.19"]
[SourceQuality "1"]

1. a3 e5 2. c4 Nf6 3. Nc3 d5 4. cxd5 Nxd5 5. Nf3 Nc6 6. e3 a6 7. Qc2 Nxc3 8. bxc3 Bd6 9. d4 exd4 10. cxd4 0-0 11. Bd3 h6 12. h3 Qf6 13. Bb2 Re8 14. Rd1 Qe7 15. Qc3 Bd7 16. 0-0 Rad8 17. e4 Bf4 18. Rfe1 Bc8 19. Bf1 f6 20. g3 Bd6 21. Nh4 Qd7 22. Qb3+ Kh7 23. e5 fxe5 24. dxe5 Qe6 25. Bd3+ g6 26. Bxg6+ Kg8 27. Qxe6+ Rxe6 28. exd6 cxd6 29. Bf5 Rxe1+ 30. Rxe1 Bxf5 31. Nxf5 Kh7 32. Re6 Ne5 33. Rxh6+ Kg8 34. f4 Nf7 35. Rg6+ Kf8 36. Bg7+ 1-0

[Event "Madrid Villaverde op 16th"]
[Site "Madrid"]
[Date "2011.11.16"]
[Round "3"]
[White "Aziz Ortego, Omar Luis"]
[Black "Alvarez Escudero, Manuel"]
[Result "1-0"]
[WhiteElo "2139"]
[BlackElo "1835"]
[PlyCount "53"]
[EventDate "2011.11.14"]
[EventType "swiss"]
[EventRounds "8"]
[EventCountry "ESP"]
[SourceTitle "EXT 2013"]
[Source "ChessBase"]
[SourceDate "2012.11.22"]
[SourceVersion "1"]
[SourceVersionDate "2012.11.22"]
[SourceQuality "1"]

1. e4 e5 2. Nf3 Nc6 3. Bb5 d6 4. c3 Bd7 5. 0-0 Nf6 6. Re1 Be7 7. d4 0-0 8. Nbd2 exd4 9. cxd4 h6 10. h3 Nh7 11. Bc4 Ng5 12. a3 Nxf3+ 13. Nxf3 Bf6 14. Rb1 Qc8 15. b4 a6 16. Bb2 Nd8 17. e5 Be7 18. Rc1 dxe5 19. Nxe5 Bd6 20. Qh5 Ne6 21. Rc3 b5 22. Bd5 Rb8 23. Rg3 c6 24. Bxe6 Bxe6 25. Qxh6 Bxe5 26. Rxe5 g6 27. Rh5 1-0

[Event "Madrid Oliver Gonzalez Memorial 2nd"]
[Site "Madrid"]
[Date "2011.10.15"]
[Round "8"]
[White "Lorite Cruz, Francisco"]
[Black "Alvarez Escudero, Manuel"]
[Result "1-0"]
[WhiteElo "2038"]
[BlackElo "1874"]
[PlyCount "47"]
[EventDate "2011.10.08"]
[EventType "swiss"]
[EventRounds "9"]
[EventCountry "ESP"]
[SourceTitle "CBM 144 Extra"]
[Source "ChessBase"]
[SourceDate "2011.10.28"]
[SourceVersion "1"]
[SourceVersionDate "2011.10.28"]
[SourceQuality "1"]

1. c4 g6 2. d4 Bg7 3. Nf3 Nf6 4. Nc3 d5 5. Bg5 dxc4 6. e4 b5 7. Bxf6 Bxf6 8. e5 b4 9. Qa4+ Bd7 10. Qxb4 Bg7 11. Bxc4 Nc6 12. Qc5 0-0 13. 0-0 e6 14. Rac1 Re8 15. Bb5 Bf8 16. Qc4 Na5 17. Qe2 Rb8 18. Bxd7 Qxd7 19. Ne4 Be7 20. Qd2 Nb7 21. Qh6 Qd8 22. Nfg5 Bxg5 23. Nxg5 Qd7 24. Nxh7 1-0

[Event "Madrid Oliver Gonzalez Memorial 2nd"]
[Site "Madrid"]
[Date "2011.10.13"]
[Round "6"]
[White "Ortega Ruiz, Jose Miguel"]
[Black "Alvarez Escudero, Manuel"]
[Result "1-0"]
[WhiteElo "2266"]
[BlackElo "1874"]
[PlyCount "41"]
[EventDate "2011.10.08"]
[EventType "swiss"]
[EventRounds "9"]
[EventCountry "ESP"]
[SourceTitle "CBM 144 Extra"]
[Source "ChessBase"]
[SourceDate "2011.10.28"]
[SourceVersion "1"]
[SourceVersionDate "2011.10.28"]
[SourceQuality "1"]

1. b3 e5 2. Bb2 Nc6 3. e3 d5 4. Bb5 Bd6 5. f4 Qe7 6. Nf3 Bg4 7. h3 Bxf3 8. Qxf3 Nf6 9. 0-0 0-0 10. Bxc6 bxc6 11. fxe5 Bxe5 12. Bxe5 Qxe5 13. Nc3 Rad8 14. Qf4 Rfe8 15. Ne2 c5 16. Qxe5 Rxe5 17. Nf4 Ne4 18. Rad1 f6 19. Rfe1 c6 20. Rf1 Nd6 21. Nd3 1-0

[Event "Tres Cantos op 3rd"]
[Site "Tres Cantos"]
[Date "2011.06.25"]
[Round "4"]
[White "Alvarez Escudero, Manuel"]
[Black "Cerrato Torrijos, Javier"]
[Result "1-0"]
[WhiteElo "1866"]
[BlackElo "1741"]
[PlyCount "85"]
[EventDate "2011.06.22"]
[EventType "swiss"]
[EventRounds "9"]
[EventCountry "ESP"]
[SourceTitle "EXT 2012"]
[Source "ChessBase"]
[SourceDate "2011.11.24"]
[SourceVersion "1"]
[SourceVersionDate "2011.11.24"]
[SourceQuality "1"]

1. e4 c5 2. Nf3 Nc6 3. b3 d6 4. Bb2 Nf6 5. e5 dxe5 6. Nxe5 Nxe5 7. Bxe5 Bd7 8. Be2 Bc6 9. Bf3 Rc8 10. Bxc6+ Rxc6 11. 0-0 g6 12. Nc3 Bg7 13. Ne4 0-0 14. Nxf6+ Bxf6 15. Bxf6 Rxf6 16. d3 Rd6 17. Qf3 Qd7 18. Rfe1 Re8 19. Re3 e5 20. Rae1 Rde6 21. a4 f5 22. h3 a5 23. Qe2 Qd6 24. g3 Kf7 25. g4 f4 26. Re4 b6 27. f3 g5 28. Rc4 h6 29. Qe4 R8e7 30. Kg2 Kg7 31. h4 Rf6 32. Rh1 Kf7 33. hxg5 hxg5 34. Rh7+ Ke6 35. Rh8 Qd7 36. Qa8 Rg6 37. Rd8 Qb7 38. Qxb7 Rxb7 39. Re4 Re7 40. d4 cxd4 41. Rdxd4 Rc7 42. c4 Rgg7 43. Rd5 1-0